Southville International School and Colleges
Your cart is empty.
  • Cart
  • Lists
    Public lists Eva Luna New books Lux_list list_1
    Your lists Log in to create your own lists
  • Log in to your account
  • Your cookies
  • Search history
Southville International School and Colleges
  • Advanced search
  • Recent comments
  • Most popular
  • Libraries

Log in to your account

Log in with GOOGLE


If you do not have an external account, but do have a local account, you can still log in:

  1. Home
  2. MARC view: Basics film-making 03 :
Normal view MARC view ISBD view

Basics film-making 03 : (Record no. 24137)

[ view plain ]
MARC details
000 -LEADER
fixed length control field 00603nam a2200205 a 4500
005 - DATE AND TIME OF LATEST TRANSACTION
control field 20140310183509.0
008 - FIXED-LENGTH DATA ELEMENTS--GENERAL INFORMATION
fixed length control field 101019s19uu xx 00 eng d
020 ## - INTERNATIONAL STANDARD BOOK NUMBER
International Standard Book Number 9781940411009
050 ## - LIBRARY OF CONGRESS CALL NUMBER
Classification number PN 1995.9.P7
Item number .H939 2010
100 ## - MAIN ENTRY--PERSONAL NAME
Personal name Hunt, Robert Edgar
245 ## - TITLE STATEMENT
Title Basics film-making 03 :
Remainder of title directing fiction /
Statement of responsibility, etc Robert Edgar Hunt
260 ## - PUBLICATION, DISTRIBUTION, ETC. (IMPRINT)
Place of publication, distribution, etc Switzerland :
Name of publisher, distributor, etc AVA Publishing,
Date of publication, distribution, etc 2010.
300 ## - PHYSICAL DESCRIPTION
Extent 207 p. :
Other physical details col. ill. ;
Dimensions 24 cm.
521 ## - TARGET AUDIENCE NOTE
Target audience note
650 ## - SUBJECT ADDED ENTRY--TOPICAL TERM
Topical term or geographic name as entry element Maya (Computer file).
650 ## - SUBJECT ADDED ENTRY--TOPICAL TERM
Topical term or geographic name as entry element Computer animation.
650 ## - SUBJECT ADDED ENTRY--TOPICAL TERM
Topical term or geographic name as entry element Computer graphics.
942 ## - ADDED ENTRY ELEMENTS (KOHA)
Koha item type Books
Source of classification or shelving scheme Library of Congress Classification
Call number prefix Foreign
Holdings
Withdrawn status Lost status Source of classification or shelving scheme Damaged status Home library Current library Shelving location Date acquired Source of acquisition Cost, normal purchase price Total Checkouts Full call number Barcode Date last seen Date checked out Copy number Price effective from Koha item type
    Library of Congress Classification   College Library College Library General Circulation Section 10/19/2010 Donation 3594.00 2 PN 1995.9.P7 .H939 2010 C11520 11/15/2019 11/09/2019 1 10/18/2013 Books

Basics film-making 03 :

APA

Hunt R. E., . (2010). Basics film-making 03. Switzerland: AVA Publishing.

Chicago

Hunt Robert Edgar, . 2010. Basics film-making 03. Switzerland: AVA Publishing.

Harvard

Hunt R. E., . (2010). Basics film-making 03. Switzerland: AVA Publishing.

MLA

Hunt Robert Edgar, . Basics film-making 03. Switzerland: AVA Publishing. 2010.

  • Place hold
  • Print
  • Cite
  • Add to your cart (remove)
  • Save record
    BIBTEX Dublin Core MARCXML MARC (non-Unicode/MARC-8) MARC (Unicode/UTF-8) MARC (Unicode/UTF-8, Standard) MODS (XML) RIS
  • More searches
    Search for this title in:
    Other Libraries (WorldCat) Other Databases (Google Scholar) Online Stores (Bookfinder.com) Open Library (openlibrary.org)

Exporting to Dublin Core...

SOUTHVILLE LIBRARY

Southville International School and Colleges Library

1281 Tropical Ave. Cor. Luxembourg St., BF Homes International, Las Pinas City

Tel. No. 8256374 / 252358 Loc. 117/146

Powered by Koha